|
|
|
|
| LEADER |
00000nab a2200000 a 4500 |
| 001 |
vtls011117915 |
| 003 |
SK-MaSNL |
| 005 |
20260303145323.0 |
| 008 |
230222|2010 xo |||||||||||||||||slo| |
| 015 |
|
|
|a SNBRB
|
| 035 |
|
|
|a (uuid)4011796d-5d58-4649-af63-4dd823dd4a44
|
| 035 |
|
|
|a (urnnbn)urn:nbn:sk:snk:ar-a08m5v
|
| 035 |
|
|
|a urn:nbn:sk:snk-ab9o8o
|
| 040 |
|
|
|a SNKBUCL
|b slo
|c SNKBUCL
|e AACR2
|
| 041 |
0 |
|
|a slo
|
| 044 |
|
|
|a xo
|c SK
|
| 100 |
1 |
|
|a Marko, Ján,
|d 1945-
|4 aut
|9 5638
|
| 245 |
1 |
0 |
|a VÝSKUM GEOMETRIE BEZTRIESKOVEHO REZNÉHO NÁSTROJA HARVESTOROVEJ HLAVICE PRE VÝCHOVNÉ ZÁSAHY
|c Ján Marko, Lucia Dobrotová
|
| 246 |
3 |
|
|a THE RESEARCH OF THE CHIPLESS CUTTING TOOL GEOMETRY OF A HARVESTER HEAD FOR IMPROVEMENT CUTTING
|
| 700 |
1 |
|
|a Dobrotová, Lucia
|4 aut
|9 819913
|
| 773 |
0 |
|
|t Acta Facultatis technicae Zvolen : vedecký časopis Fakulty environmentálnej a výrobnej techniky
|g Roč. 15, č. 1 (2010), s. 125-131
|
| 954 |
|
|
|a odborná, vedecká literatúra pôvodná (slovenská)
|2 lita
|
| 958 |
|
|
|a OND
|
| 958 |
|
|
|a EUIPO
|
| 958 |
|
|
|a article13
|
| 999 |
|
|
|c 2002155
|d 2004085
|